000
003240000a22001450004500
005
20120302064120.0
942
_c
BOOK
100
_a
Dhere,R.C.
245
_a
Datta Sampradayacha Itihas
260
_a
Pune:Padmagandha prakashan,2005.
300
_a
278p.
040
_a
Mar
365
_b
200/-
650
_a
Datta smpradaya
999
_c
361325
_d
361322